|
000
|
01680nam 2200337 450
|
|
001
|
012022000307
|
|
005
|
20220415140638.5
|
|
010
|
|
@a978-7-5201-9804-2@dCNY168.00
|
|
100
|
|
@a20220408d2022 em y0chiy50 ea
|
|
101
|
0
|
@achi
|
|
102
|
|
@aCN@b110000
|
|
105
|
|
@aak a 000yy
|
|
106
|
|
@ar
|
|
200
|
1
|
@a世界侨情报告@Ashi jie qiao qing bao gao@h2021@d= Annual report on overseas Chinese@h2021@f主编张春旺, 张秀明@zeng
|
|
205
|
|
@a2021版
|
|
210
|
|
@a北京@c社会科学文献出版社@d2022.3
|
|
215
|
|
@a316页@c图@d24cm
|
|
225
|
2
|
@a世界侨情蓝皮书@Ashi jie qiao qing lan pi shu@vNo. 3
|
|
314
|
|
@a张春旺, 中国华侨华人研究所所长、中国华侨历史学会副会长。张秀明, 中国华侨华人研究所副所长、中国华侨历史学会副会长兼秘书长,《华侨华人历史研究》杂志主编。
|
|
320
|
|
@a有书目
|
|
330
|
|
@a本书按照亚洲、欧洲、非洲、大洋洲、美洲五大洲和主要国家的地理空间划分, 重点梳理分析2020年1月1日至12月31日期间30多个国家的华侨华人在拓展、融入、政策、生活等方面的大事要事, 同时对80多个国家和地区的侨社、侨团、侨报、侨商、侨教等信息也有所涉及, 力争全面、系统、客观、真实地展现2020年侨情的发展概况、重大事件、热点问题、政策变化及有关统计数据, 为侨联和侨务工作者、华侨华人和国际移民研究者及关注侨情动态的海内外社会各界人士提供参考。
|
|
410
|
0
|
@12001 @a世界侨情蓝皮书@vNo. 3
|
|
510
|
1
|
@aAnnual report on overseas Chinese@h2021@zeng
|
|
516
|
1
|
@a2021世界侨情蓝皮书
|
|
606
|
0
|
@a华侨状况@Ahua qiao zhuang kuang@x研究报告@y世界@z2021
|
|
606
|
0
|
@a华人@Ahua ren@x研究报告@y世界@z2020
|
|
690
|
|
@aD63@v5
|
|
701
|
0
|
@a张春旺@Azhang chun wang@4主编
|
|
701
|
0
|
@a张秀明@Azhang xiu ming@4主编
|
|
801
|
0
|
@aCN@bCDNYKJZYXY@c20220408
|
|
905
|
|
@aCDNYKJZYXY@b300654130-1@dD63@e274@f2
|
|
|
|
|
| |
| 世界侨情报告.2021= Annual report on overseas Chinese.2021/主编张春旺, 张秀明.-2021版.-北京:社会科学文献出版社,2022.3 |
| 316页:图;24cm.-(世界侨情蓝皮书;No. 3) |
| |
| |
| ISBN 978-7-5201-9804-2:CNY168.00 |
| 本书按照亚洲、欧洲、非洲、大洋洲、美洲五大洲和主要国家的地理空间划分, 重点梳理分析2020年1月1日至12月31日期间30多个国家的华侨华人在拓展、融入、政策、生活等方面的大事要事, 同时对80多个国家和地区的侨社、侨团、侨报、侨商、侨教等信息也有所涉及, 力争全面、系统、客观、真实地展现2020年侨情的发展概况、重大事件、热点问题、政策变化及有关统计数据, 为侨联和侨务工作者、华侨华人和国际移民研究者及关注侨情动态的海内外社会各界人士提供参考。 |
| ● |
正题名:世界侨情报告
索取号:D63/274
 
预约/预借
| 序号
|
登录号
|
条形码
|
馆藏地/架位号
|
状态
|
备注
|
|
1
|
654130
|
300654130
|
柳城-3楼/6架4列6层/
[索取号:D63/274]
|
在馆
|
|
|
2
|
654131
|
300654131
|
柳城-3楼/6架4列6层/
[索取号:D63/274]
|
在馆
|
|